书目信息 |
| 题名: |
3D计算机图形学
|
|
| 作者: | 王长波 , 高岩 编著 | |
| 分册: | ||
| 出版信息: | 北京 机械工业出版社 2010.08 |
|
| 页数: | 253页 | |
| 开本: | 28cm | |
| 丛书名: | ||
| 单 册: | ||
| 中图分类: | TP391.41 | |
| 科图分类: | ||
| 主题词: | 计算机应用 | |
| 电子资源: | ||
| ISBN: | 7-111-31311-9 | |
| 000 | 00609nam0 2200205 450 | |
| 001 | 1859793065 | |
| 005 | 20180913163816.92 | |
| 010 | @a7-111-31311-9@dCNY33.00 | |
| 100 | @a20180913d2010 km y0chiy0120 ea | |
| 101 | 0 | @achi |
| 102 | @aCN@b110000 | |
| 200 | 1 | @a3D计算机图形学@A3D ji suan ji tu xing xue@f王长波, 高岩编著@Fwang chang bo,gao yan bian zhu |
| 210 | @a北京@c机械工业出版社@d2010.08 | |
| 215 | @a253页@d28cm | |
| 606 | 0 | @a计算机应用 |
| 690 | @aTP391.41@v4 | |
| 701 | 0 | @a王长波@Awang chang bo@4编著 |
| 701 | 0 | @a高岩@Agao yan@4编著 |
| 801 | 0 | @aCN@bMUSE@c20180913 |
| 905 | @aMUSE@dTP391.41@eW1203 | |
| 3D计算机图形学/王长波, 高岩编著.-北京:机械工业出版社,2010.08 |
| 253页;28cm |
| ISBN 7-111-31311-9:CNY33.00 |
| ● |
| 相关链接 |
|
|
|
正题名:3D计算机图形学
索取号:TP391.41/W1203
 
预约/预借
| 序号 | 登录号 | 条形码 | 馆藏地/架位号 | 状态 | 备注 |
| 1 | 1281869 | 212818691 | 测绘与城市空间信息学院资料室/ [索取号:TP391.41/W1203] | 在馆 |